00504 2200193 4500001002100000005001500021035002000036008004100056245007000097100002000167250000600187260004600193300001100239084001400250082000800264650001400272990001200286990001200298INLIS00000000000037820240430020442 a0010-0424000354240430 0 ind 1 aBauksit : Potensi, Penambangan & Pemanfaatan /cM. Winanto Ajie P aAjie P, Winanto a1 aYogyakarta :bPT. Citra Aji Parama,c2015 a59 hlm a540 WIN b a540 4aNon Fiksi a0728594 a0728595